| 000 | 00685nam a2200265Ia 4500 | ||
|---|---|---|---|
| 005 | 20260302115247.0 | ||
| 008 | 008 260114s9999 xx 000 0 eng d | ||
| 020 | _a9798400674655 | ||
| 037 | _aTextbook | ||
| 040 | _aCRL | ||
| 040 | _beng | ||
| 040 | _cCRL | ||
| 041 | _2eng | ||
| 041 | _aeng | ||
| 084 | _qCRL | ||
| 100 |
_aBarbara A. Heavilin _91121146 |
||
| 245 | 0 | _aJohn Steinbeck's Of Mice and Men A Reference Guide | |
| 260 | _bBloomsbury | ||
| 260 | _bPraeger | ||
| 260 | _c2005 | ||
| 650 | _aLiterary Studies | ||
| 856 | _uhttps://doi.org/10.5040/9798400674655?locatt=label:secondary_bloomsburyCollections | ||
| 942 | _cEBOOK | ||
| 999 |
_c1685547 _d1685547 |
||